000 00457nam a2200169Ia 4500
005 20250508155946.0
008 008 250505s9999 xx 000 0 eng d
037 _aBooks to be hide in OPAC
040 _aFEDL
_beng
_cFEDL
041 _aeng
_2eng
084 _a372.9931, NEW/O
_qFEDL
245 0 _aEducation : Primary education
245 0 _cNEW ZEALAND
260 _c1914
942 _cHB
_h372.9931, NEW/O
999 _c1360429
_d1360429